রাজশাহীর সাধারণ গ্রন্থাগারের সংক্ষিপ্ত ইতিহাস / (Record no. 40416)
[ view plain ]
| 000 -LEADER | |
|---|---|
| fixed length control field | 00974nam a2200229 a 4500 |
| 001 - CONTROL NUMBER | |
| control field | 40416 |
| 003 - CONTROL NUMBER IDENTIFIER | |
| rucl marc code | BD-RjUL |
| 005 - DATE AND TIME OF LATEST TRANSACTION | |
| control field | 20211209053216.0 |
| 008 - FIXED-LENGTH DATA ELEMENTS--GENERAL INFORMATION | |
| fixed length control field | 160430b1985 bg ||||| |||| 00| 0 ben d |
| 020 ## - INTERNATIONAL STANDARD BOOK NUMBER | |
| Terms of availability | : TK. 12.00 |
| 035 ## - SYSTEM CONTROL NUMBER | |
| System control number | (BD-RjUL)40531 |
| 040 ## - CATALOGING SOURCE | |
| Original cataloging agency | BD-RjUL |
| Language of cataloging | ben |
| Transcribing agency | BD-RjUL |
| 041 ## - LANGUAGE CODE | |
| Language code of text/sound track or separate title | ben |
| 082 ## - DEWEY DECIMAL CLASSIFICATION NUMBER | |
| Edition number | 23 |
| Classification number | 027.454924 |
| Author mark and year | KHR 1984 |
| 100 ## - MAIN ENTRY--PERSONAL NAME | |
| Personal name | খান, মো. আবদুর রশীদ |
| 9 (RLIN) | 124505 |
| 245 10 - TITLE STATEMENT | |
| Title | রাজশাহীর সাধারণ গ্রন্থাগারের সংক্ষিপ্ত ইতিহাস / |
| Statement of responsibility, etc. | মো. আবদুর রশীদ খান |
| 260 ## - PUBLICATION, DISTRIBUTION, ETC. (IMPRINT) | |
| Place of publication, distribution, etc. | রাজশাহী : |
| Name of publisher, distributor, etc. | জেলা প্রশাসক, |
| Date of publication, distribution, etc. | [১৯৮৪] |
| 300 ## - PHYSICAL DESCRIPTION | |
| Pagination | [১০], ৭৮ পৃ. ; |
| Size | ২৩ সেমি. |
| 650 ## - SUBJECT ADDED ENTRY--TOPICAL TERM | |
| Topical term or geographic name as entry element | সাধারণ গ্রন্থাগার |
| General subdivision | ইতিহাস |
| Geographic subdivision | রাজশাহী |
| 9 (RLIN) | 124506 |
| Topical term or geographic name as entry element | Public Library |
| General subdivision | History |
| Geographic subdivision | Rajshahi |
| 9 (RLIN) | 124507 |
| 942 ## - ADDED ENTRY ELEMENTS (KOHA) | |
| Source of classification or shelving scheme | Dewey Decimal Classification |
| Koha item type | Books |
| Lost status | Source of classification or shelving scheme | Damaged status | Not for loan | Collection code | Permanent Location | Current Location | Shelving location | Date acquired | Source of acquisition | Total Checkouts | Full call number | Date last seen | Copy number | Koha item type | Date checked out |
|---|---|---|---|---|---|---|---|---|---|---|---|---|---|---|---|
| Dewey Decimal Classification | Not For Loan | Non-fiction | Central Library, University of Rajshahi | Central Library, University of Rajshahi | Reading Room | 01/05/1985 | R.U.C.L, | B 027.454924 KHR 1984 | 30/04/2016 | C-1 | Books | ||||
| Dewey Decimal Classification | Non-fiction | Central Library, University of Rajshahi | Central Library, University of Rajshahi | 01/05/1985 | R.U.C.L, | 3 | B 027.454924 KHR 1984 | 12/11/2025 | C-2 | Books | 05/11/2025 | ||||
| Dewey Decimal Classification | Non-fiction | Central Library, University of Rajshahi | Central Library, University of Rajshahi | 01/05/1985 | R.U.C.L, | B 027.454924 KHR 1984 | 02/05/2016 | C-3 | Books | ||||||
| Dewey Decimal Classification | Non-fiction | Central Library, University of Rajshahi | Central Library, University of Rajshahi | 13/03/1991 | R.U.C.L, | B 027.454924 KHR 1984 | 23/04/2017 | C-4 | Books |